| 000 | 00576nam a22002177a 4500 | ||
|---|---|---|---|
| 999 |
_c3082 _d3082 |
||
| 003 | OSt | ||
| 005 | 20191209170132.0 | ||
| 008 | 160226b xxu||||| |||| 00| 0 eng d | ||
| 020 | _a 9780324063691 | ||
| 020 | _a0324100981 | ||
| 040 | _cDDC. | ||
| 082 | _a657 HEI2002 | ||
| 100 |
_aHeintz James;Parry Robert; _96839 |
||
| 245 | _aCollege Accounting. | ||
| 250 | _a17th ed. | ||
| 260 |
_aAustraria. _bSouth Western Thomson Learning, _c2002. |
||
| 300 |
_axxx,640p; _bcol,ill; _c28cm. |
||
| 504 | _aindex are included. | ||
| 650 |
_aAccounting. _91379 |
||
| 942 |
_2ddc _cSLOAN |
||